000 01045nam a2200289Ia 4500
003 OSt
005 20220930092704.0
006 a|||||r|||| 00| 0
007 ta
008 220926b |||||||| |||| 00| 0 eng d
024 _a23779
037 _cTheses
040 _aCRL
_cCRL
_beng
041 _2eng
_aeng
100 _aBhutani Karan
_9549157
110 _aUniversity OF Delhi. Faculty OF Medical Sciences. Department OF General Medicine
_9544737
245 0 _aCognitve dysfunction in mild to moderate hypoxia in patients of chronic respiratory disease
260 _c2014
650 _aMEDICINE
700 _a Dr. Anil Gurtoo Gu.
_9532893
700 _a Dr. Atul Murari Gu.
_9537126
700 _a Dr. S. K. Mishara Gu.
_9549484
700 _a Dr. S. K. Sharma Gu.
_9532837
700 _aUniversity OF Delhi. Faculty OF Medical Sciences. Department OF General Medicine
_9544739
942 _cDIS
_2CC
999 _c884154
_d884154